Los insectos / (Record no. 9702)

000 -CABECERA
fixed length control field 00885nam a22002417a 4500
003 - IDENTIFICADOR DEL NÚMERO DE CONTROL
control field AR-CdUCM
008 - DATOS DE LONGITUD FIJA--INFORMACIÓN GENERAL
fixed length control field 190328b ||||| |||| 00| 0 spa d
040 ## - FUENTE DE LA CATALOGACIÓN
Agencia/entidad que catalogó originalmente la obra MUNICIPALIDAD PROVINCIAL DEL CUSCO
Entidad que transcribió la catalogación BIBLIOTECA MUNICIPAL DEL CUSCO
082 ## - NÚMERO DE LA CLASIFICACIÓN DECIMAL DEWEY
No. de Clasificación 595.7 /
Notacion interna C37 / 1924
100 ## - ENTRADA PRINCIPAL--NOMBRE DE PERSONA
Nombre Personal Caustier, E.
245 ## - MENCIÓN DE TÍTULO
Título Los insectos /
260 ## - PUBLICACIÓN, DISTRIBUCIÓN, ETC.
Lugar de publicación, distribución, etc. París :
Nombre de la editorial, distribuidor, etc. Ediciones Españolas,
Fecha de publicación, distribución, etc. 1924.
300 ## - DESCRIPCIÓN FÍSICA
Nº de Páginas Extensión 188 páginas ;
Otros detalles físicos gradados, figuras,
Dimensiones 18 cm.
440 ## - MENCIÓN DE SERIE/PUNTO DE ACCESO ADICIONAL--TÍTULO
Título Biblioteca de las Maravillas.
9 (RLIN) 26080
505 ## - NOTA DE CONTENIDO CON FORMATO
Nota de contenido formateada Contenido: Cómo son y cómo viven -- Cómo sienten -- Los medios de defensa -- Orígen y evolución de los insectos -- La progenitura y la metamorfosis ...
650 ## - PUNTO DE ACCESO ADICIONAL DE MATERIA--TÉRMINO DE MATERIA
Descriptor Insectos
9 (RLIN) 19562
650 ## - PUNTO DE ACCESO ADICIONAL DE MATERIA--TÉRMINO DE MATERIA
Descriptor Entomología
9 (RLIN) 18877
650 ## - PUNTO DE ACCESO ADICIONAL DE MATERIA--TÉRMINO DE MATERIA
Descriptor Evolución
9 (RLIN) 7012
700 ## - PUNTO DE ACCESO ADICIONAL--NOMBRE DE PERSONA
Nombre Personal Aguado de la Loma, J. M. (traducción)
9 (RLIN) 26081
942 ## - ELEMENTOS DE PUNTO DE ACCESO ADICIONAL (KOHA)
Fuente de clasificación
Tipo de item Libros-BMC
945 ## - PROCESAMIENTO DE INFORMACIÓN LOCAL (OCLC)
Catalogador achl
Holdings
Estado de retiro (separado) Fuente de clasificación o esquema de estanterías Estado dañado Ubicación Sala donde se ubica Nombre de la colección Fecha de adquisición o compra Costo, precio normal en soles Signatura topográfica Código de Barras Última vez visto (Koha) Tipo de ítem (Koha)
No     Sala Cusco Antiguo Sala Cusco Antiguo Book Cart 2019-03-28 40.00 595.7 / C37 / 1924 SCA0000223 2019-03-28 Libros-BMC

Powered by Koha